Práca s videokazetami v okresných knižniciach stredného Slovenska

Bibliographic Details
Main Author: Joščáková, Priska, 1951- (Author)
Format: Article
Language:Slovak
ISSN:0322-807X
Subjects:

MARC

LEADER 00000nab a2200000 a 4500
001 vtls000521019
003 SK-MaSNL
005 20260304100012.0
008 250425c1994 xo 0 slo
015 |a SNBRB19rr/mm-uuuuu 
035 |a CL0521157 
035 |a urn:nbn:sk:snk-ab6n1w 
035 |a (uuid)7fcc3cfd-7596-4206-95e1-2cc58a00f7ce 
035 |a (urnnbn)urn:nbn:sk:snk:ar-005m1q 
040 |a SNKBUCL  |b slo  |c SNKBUCL  |e AACR2 
041 0 |a slo 
044 |a xo  |c SK 
080 |a 027.53:025.17:791.44.075  |2 1981 
080 |a 025.17  |2 1981 
080 |a 791.44.075  |2 1981 
080 |a 026.06  |2 1981 
100 1 |a Joščáková, Priska,  |d 1951-  |4 aut  |9 175467 
245 1 0 |a Práca s videokazetami v okresných knižniciach stredného Slovenska  |c Priska Joščáková 
650 0 7 |a okresné knižnice  |2 snkbucl  |9 64389 
650 0 7 |a videokazety  |2 snkbucl  |9 30972 
655 7 |a články z novín a časopisov  |2 snkbucl  |9 267496 
655 7 |a články z odboru knihovníctvo  |2 snkbucl  |9 166141 
773 0 |t Knižnice a informácie  |g Roč. 26, č. 6 (1994), s. 245-248  |x 0322-807X 
850 |a Slovenská národná knižnica 
852 |a Slovenská národná knižnica 
954 |a odborná, vedecká literatúra pôvodná (slovenská)  |2 lita 
958 |a article2022 
958 |a RK 
958 |a KL 
958 |a OND 
958 |a EUIPO 
992 |a RBX 
999 |c 2835311  |d 2837241